000 01274nam a2200265 a 4500
001 70709
003 BD-RjUL
005 20211209082030.0
008 170419s2010 bg |||| |||| 000 0 ben d
020 _a9789843314925
_c: Tk. 1000.00
035 _a(BD-RjUL)70923
040 _aBD-RjUL
_bben=eng
_cBD-RjUL
_dBD-RjU
041 _aben=eng
082 _223
_a954.9205
_bBIS 2010
245 1 0 _aবিশ শতকের বাংলা, সেমিনার খণ্ড =twentieth century Bengal, Seminar Volume /
_cপ্রধান সম্পাদক: মো. মাহবুবর রহমান ও সম্পাদক: স্বরোচিষ সরকার
260 _aরাজশাহী :
_bআই. বি. এস.,
_c২০১০
300 _a৯৫৯ পৃ. ;
_c২৭ সেমি.
651 _aবাংলাদেশ
_xইতিহাস
_y২০ শতক
_9209297
651 _aBangladesh
_xHistory
_y20th Century
_9209298
700 1 _aরহমান, মো. মাহবুবর, প্রধান সম্পাদক
_9234584
700 1 _aRahman, Md. Mahbubur, chief ed.
_9234585
700 _aসরকার, স্বরোচিষ, সম্পাদক
_9234586
700 _aSarker, Swarochis, ed.
_9234587
942 _2ddc
_cBK
999 _c70709
_d70709